Censo de la caña de azúcar, 1948

Saved in:
Bibliographic Details
Corporate Author: Costa Rica. Ministerio de Agricultura y Ganadería
Format: Text
Published: San José :
Tags: Add Tag
No Tags, Be the first to tag this record!

MARC

LEADER 00000 a a2200000 04500
001 18966
003
040
090 |a 018200  
110 |a Costa Rica. Ministerio de Agricultura y Ganadería  
245 |a Censo de la caña de azúcar, 1948  
260 |a San José :  
300 |a 40 p  
999 |c 14371  |d 14371